| 000 | 003330000a22000970004500 | ||
|---|---|---|---|
| 100 | 1 | _aBlock, Daniel I. (1943-) | |
| 245 | 1 | 0 | _aWill the real Gideon please stand up? Narrative style and intention in Judges 6-9 |
| 300 | _aVol. 40, Num 3 (Septiembre, 1997), Páginas 353-366 | ||
| 773 | 0 | _tJournal of the Theological Society | |
| 942 | _cANA | ||
| 999 |
_c54548 _d54548 |
||